tripleS Members - Statistics

General Stats
  • This quiz has been taken 991 times
  • The average score is 22 of 24
Answer Stats
S# Answer % Correct
S5 Kim Yooyeon
96%
S1 Yoon Seoyeon
96%
S3 Lee Jiwoo
95%
S21 Kim Chaewon
94%
S4 Kim Chaeyeon
94%
S11 Kotone
94%
S15 Xinyu
94%
S7 Kim Nakyoung
93%
S13 Nien
93%
S14 Park Sohyun
93%
S10 Seo Dahyun
93%
S2 Jeong Hyerin
92%
S9 Kaede
92%
S8 Gong Yubin
91%
S6 Kim Soomin
91%
S16 Mayu
91%
S23 Seoah
91%
S17 Lynn
90%
S22 Sullin
90%
S24 Jiyeon
89%
S12 Kwak Yeonji
89%
S18 Joobin
88%
S20 Park Shion
88%
S19 Jeong Hayeon
87%
No matching quizzes found
Score Distribution
Percent of People with Each Score
Percentile by Number Answered
Your Score History
You have not taken this quiz